| 000 | 00760cam a2200217 a 4500 | ||
|---|---|---|---|
| 005 | 20131028091409.0 | ||
| 008 | 980615s1999 nyu b 001 0 eng | ||
| 020 | _a0231111509 | ||
| 020 | _a0231111517 | ||
| 041 | 0 | _aeng | |
| 080 | _a327 | ||
| 100 | 1 |
_aHall, Rodney Bruce, _d1960- |
|
| 245 | 1 | 0 |
_aNational collective identity : _cRodney Bruce Hall. |
| 260 |
_aNew York : _bColumbia University Press, _cc1999. |
||
| 300 |
_axv, 397 p. ; _c24 cm. |
||
| 500 | _aPreface and Acknowledgments : f. XI - XV | ||
| 504 | _aIncludes bibliographical references (p. [347]-364) and index. | ||
| 650 | 0 | _aMarrëdhënie ndërkombëtare dhe kultura | |
| 650 | 0 |
_aMarrëdhënie ndërkombëtare _xFilozofia |
|
| 942 |
_2udc _cBK |
||
| 999 |
_c172 _d172 |
||